000 00385pab a2200157 454500
008 180718b2011 xxu||||| |||| 00| 0 eng d
100 _aLangan, Mark
245 _aUganda's flower farms and private sector development
260 _c2011
300 _ap.1207-1239.
362 _aSep
650 _aPrivate sector
773 _aDevelopment and Change
908 _aN
909 _a93597
999 _c93597
_d93597